[Event "St Petersburg Korchnoi Memorial op"]
[Site "St Petersburg"]
[Date "2018.08.22"]
[Round "8"]
[White "Kolesnyak, Artem"]
[Black "Pakeeva, Namlana"]
[Result "0-1"]
[WhiteElo "1171"]
[BlackElo "1623"]
[PlyCount "39"]
[EventDate "2018.08.15"]
[EventType "swiss"]
[EventRounds "9"]
[EventCountry "RUS"]
[SourceTitle "CBM 186 Extra"]
[Source "ChessBase"]
[SourceDate "2018.08.24"]
[SourceVersion "1"]
[SourceVersionDate "2018.08.24"]
[SourceQuality "1"]

1. e4 c5 2. Nf3 e6 3. c3 Nf6 4. Bd3 Nc6 5. Bc2 Be7 6. 0-0 0-0 7. d4 cxd4 8. cxd4 Nb4 9. e5 Nfd5 10. Be4 f5 11. Bxd5 Nxd5 12. Bd2 b6 13. Qc1 Bb7 14. Bh6 gxh6 15. Qxh6 Rf7 16. Qh3 Rg7 17. Re1 Nf4 18. Qh6 Rxg2+ 19. Kh1 Bxf3 20. Re3 0-1

[Event "RUS-ch Eurasia Cup op"]
[Site "Ekaterinburg"]
[Date "2018.08.04"]
[Round "4"]
[White "Pakeeva, Namlana"]
[Black "Dubinin, Alexsandr"]
[Result "0-1"]
[WhiteElo "1623"]
[BlackElo "2260"]
[PlyCount "82"]
[EventDate "2018.08.01"]
[EventType "swiss"]
[EventRounds "9"]
[EventCountry "RUS"]
[SourceTitle "CBM 185 Extra"]
[Source "ChessBase"]
[SourceDate "2018.07.29"]
[SourceVersion "1"]
[SourceVersionDate "2018.07.29"]
[SourceQuality "1"]

1. e4 c5 2. Nf3 Nc6 3. Bb5 e6 4. 0-0 Nge7 5. Re1 Nd4 6. Nxd4 cxd4 7. d3 a6 8. Ba4 b5 9. Bb3 Nc6 10. a4 Bb7 11. axb5 axb5 12. Rxa8 Qxa8 13. Na3 Qa5 14. Bd2 Qb6 15. Qh5 Ba6 16. f4 Na5 17. Ba2 b4 18. Nb1 Qc5 19. f5 Be7 20. Qg4 Qe5 21. Bf4 Qf6 22. e5 Qh4 23. Qxh4 Bxh4 24. g3 Be7 25. fxe6 fxe6 26. Nd2 g5 27. Nc4 Nxc4 28. Bxc4 Bxc4 29. dxc4 gxf4 30. gxf4 Rg8+ 31. Kh1 Rg4 32. Rf1 Bc5 33. h3 Rg3 34. Kh2 Re3 35. Rf2 b3 36. cxb3 Rxb3 37. Rg2 d3 38. h4 Bb4 39. h5 d2 40. Rg1 Re3 41. h6 Re1 0-1